000 00429nam a22001817a 4500
003 MPLRDC
005 20220104144348.0
008 210129b ||||| |||| 00| 0 eng d
082 _a659 CKL
100 _a陈夔龙
245 _a梦蕉亭杂记
_c
250 _a一版
260 _a
_b上海古籍书店
_c1983
300 _b
490 _a清代历史资料丛刊
650 _a中国杂史料
942 _cBK
_o659 CKL
999 _c48877
_d48867